000 00635nam a2200181 i 4500
001 114316
003 ES-MaACL
005 20251001141054.0
007 t|
008 061121s1927 sp r ||||1| spa d
100 1 _aOrtiz Arce, David.
_987577
245 1 0 _aOrganización de tribunales
_b: obra adaptada al programa de oposiciones a la carrera fiscal publicado el 16 de noviembre de 1926 /
_cDavid Ortiz Arce, Faustino Menéndez-Pidal y Montes.
260 _aMadrid :
_bReus,
_c1927.
300 _a306 h. ;
_c22 cm.
700 1 _aMenéndez Pidal, Faustino,
_d1924-
_980311
852 _aES-MaACL
_jA-604
999 _c114316
_d114316